000 00540nam a2200193Ia 4500
005 20250326141019.0
008 250326s9999 xx 000 0 und d
020 _a0-03-08022-8
037 _aTextbook
040 _aFMSL
_beng
_cFMSL
041 _aeng
_2eng
084 _aX:51.1 N7
_qFMSL
100 _aSararhy R
245 0 _aInternational marketing
_cSararhy R; Terpstra V
260 _aPhiladelphia
_bPhiladelphia, The dryden press
_c1997
300 _axxi, 968
942 _cTB
_hX:51.1 N7
999 _c1288298
_d1288298